All 5k+ cities in Mississippi on a map - Statistics

General Stats
  • This quiz has been taken 31 times
  • The average score is 27 of 61
Answers on the Map
Answers color-coded by a green-red scale on the quiz's map according to % correct below.
 
Answer Stats
City Population % Correct
Jackson 153,701
100%
Biloxi 49,449
95%
Gulfport 72,926
95%
Hattiesburg 48,730
91%
Oxford 25,416
91%
Tupelo 37,923
86%
Natchez 14,520
77%
Vicksburg 21,573
77%
Meridian 35,052
73%
Southaven 54,648
73%
Starkville 24,360
73%
Greenville 29,670
68%
Pascagoula 22,010
64%
Columbus 24,084
59%
Madison 27,747
59%
Laurel 17,161
55%
Olive Branch 39,711
55%
Greenwood 14,490
50%
Grenada 12,700
50%
Yazoo City 10,316
50%
Clinton 28,100
45%
Bay St. Louis 9,284
41%
Hernando 17,138
41%
McComb 12,413
41%
Ocean Springs 17,442
41%
Philadelphia 7,118
41%
Brandon 25,138
36%
Clarksdale 14,903
36%
Columbia 5,864
36%
Corinth 14,622
36%
New Albany 7,626
36%
Pearl 27,115
36%
Ridgeland 24,340
36%
Batesville 7,523
32%
Brookhaven 11,674
32%
D'Iberville 12,721
32%
Horn Lake 26,736
32%
Pass Christian 5,686
32%
Richland 7,137
32%
Cleveland 11,199
27%
Flowood 10,202
27%
Gautier 19,024
27%
Holly Springs 6,968
27%
Long Beach 16,780
27%
Picayune 11,885
27%
Pontotoc 5,640
27%
Senatobia 8,354
27%
West Point 10,105
27%
Amory 6,666
23%
Byram 12,666
23%
Canton 10,948
23%
Diamondhead 9,529
23%
Forest 5,430
23%
Kosciusko 7,114
23%
Louisville 6,072
23%
Moss Point 12,147
23%
Petal 11,010
23%
Waveland 7,210
23%
Booneville 9,126
18%
Indianola 9,646
18%
Ripley 5,462
18%
No matching quizzes found
Score Distribution
Percent of People with Each Score
Percentile by Number Answered
Your Score History
You have not taken this quiz